Every Governor of New Hampshire - Statistics

General Stats
  • This quiz has been taken 32 times
    9 since last reset
  • The average score is 11 of 92
Answer Stats
Picture Hint Answer % Correct
R(2025-) Kelly Ayotte
100%
R(2017-2025) Chris Sununu
67%
R(1953-1955) Hugh Gregg
67%
D(1997-2003) Jeanne Shaheen
67%
F(1809-1810) Jeremiah Smith
67%
R(1893-1895) John Butler Smith
67%
R(1983-1989) John H. Sununu
67%
R(1989-1993) Judd Gregg
67%
D(2013-2017) Maggie Hassan
67%
R(1921-1923) Albert O. Brown
33%
R(1877-1879) Benjamin F. Prescott
33%
D(1829-1830) Benjamin Pierce
33%
DR(1827-1828) Benjamin Pierce
33%
R(1881-1883) Charles H. Bell
33%
D(1923-1925) Fred H. Brown
33%
D(1836-1839) Isaac Hill
33%
NR(1828-1829) John Bell
33%
D(2005-2013) John Lynch
33%
F(1789-1790) John Sullivan
33%
F(1786-1789) John Sullivan
33%
R(1973-1979) Meldrim Thomson Jr.
33%
DR(1819-1823) Samuel Bell
33%
W(1846-1847) Anthony Colby
0%
R(1895-1897) Charles A. Busiel
0%
R(1887-1889) Charles H. Sawyer
0%
R(1945-1949) Charles M. Dale
0%
R(1907-1909) Charles M. Floyd
0%
R(1929-1931) Charles W. Tobey
0%
R(1901-1903) Chester B. Jordan
0%
R(2003-2005) Craig Benson
0%
R(1889-1891) David H. Goodell
0%
DR(1824-1827) David L. Morril
0%
R(1872-1874) Ezekiel A. Straw
0%
R(1937-1941) Francis P. Murphy
0%
R(1899-1901) Frank W. Rollins
0%
R(1865-1867) Frederick Smyth
0%
R(1897-1899) George A. Ramsdell
0%
R(1909-1911) Henry B. Quinby
0%
D(1842-1844) Henry Hubbard
0%
R(1917-1919) Henry W. Keyes
0%
R(1891-1893) Hiram A. Tuttle
0%
D(1979-1983) Hugh J. Gallen
0%
R(1927-1929) Huntley N. Spaulding
0%
R(1859-1861) Ichabod Goodwin
0%
D(1874-1875) James A. Weston
0%
D(1871-1872) James A. Weston
0%
D(1847-1849) Jared W. Williams
0%
R(1931-1935) John Gilbert Winant
0%
R(1925-1931) John Gilbert Winant
0%
R(1919-1921) John H. Bartlett
0%
D(1844-1846) John H. Steele
0%
DR(1810-1812) John Langdon
0%
DR(1805-1809) John Langdon
0%
DR(1788-1789) John Langdon
0%
I(1785-1786) John Langdon
0%
R(1905-1907) John McLane
0%
D(1839-1842) John Page
0%
F(1813-1816) John Taylor Gilman
0%
F(1794-1805) John Taylor Gilman
0%
D(1963-1969) John W. King
0%
R(1863-1865) Joseph A. Gilmore
0%
DR(1790-1794) Josiah Bartlett
0%
R(1955-1959) Lane Dwinell
0%
DR(1823-1824) Levi Woodbury
0%
D(1830-1831) Matthew Harvey
0%
I(1776-1785) Meshech Weare
0%
R(1885-1887) Moody Currier
0%
R(1903-1905) Nahum J. Bachelder
0%
D(1854-1855) Nathaniel B. Baker
0%
R(1861-1863) Nathaniel S. Berry
0%
R(1879-1881) Natt Head
0%
D(1852-1854) Noah Martin
0%
R(1869-1871) Onslow Stearns
0%
R(1875-1877) Person C. Cheney
0%
KN(1855-1857) Ralph Metcalf
0%
R(1941-1945) Robert O. Blood
0%
R(1911-1913) Robert P. Bass
0%
R(1915-1917) Rolland H. Spaulding
0%
D(1913-1915) Samuel D. Felker
0%
D(1831-1834) Samuel Dinsmoor
0%
D(1849-1852) Samuel Dinsmoor Jr.
0%
R(1883-1885) Samuel W. Hale
0%
R(1949-1953) Sherman Adams
0%
R(1993-1997) Steve Merrill
0%
R(1935-1937) Styles Bridges
0%
R(1867-1869) Walter Harriman
0%
R(1969-1973) Walter R. Peterson Jr.
0%
R(1959-1963) Wesley Powell
0%
D(1834-1836) William Badger
0%
R(1857-1859) William Haile
0%
DR(1816-1819) William Plumer
0%
DR(1812-1813) William Plumer
0%
No matching quizzes found
Score Distribution
Percent of People with Each Score
Percentile by Number Answered
Your Score History
You have not taken this quiz since the last reset